Search the Library Catalogue
| 000 -LEADER | |
|---|---|
| fixed length control field | 01318nam a22002177a 4500 |
| 008 - FIXED-LENGTH DATA ELEMENTS--GENERAL INFORMATION | |
| fixed length control field | 250716b |||||||| |||| 00| 0 eng d |
| 020 ## - INTERNATIONAL STANDARD BOOK NUMBER | |
| ISBN | 9780130912947 |
| Paper back/Hardbound | pbk |
| 041 ## - LANGUAGE CODE | |
| Language code of text/sound track or separate title | eng |
| 082 ## - DEWEY DECIMAL CLASSIFICATION NUMBER | |
| Classification number | 005.14 |
| Item number | CUL |
| 100 ## - MAIN ENTRY--AUTHOR NAME | |
| Personal name | Culbertson,robert |
| 245 ## - TITLE STATEMENT | |
| Title | Rapid Testing |
| Sub Title | : |
| Statement of responsibility, etc | Robert culbertson |
| 260 ## - PUBLICATION, DISTRIBUTION, ETC. (IMPRINT) | |
| Place of publication | United States Of America |
| Name of publisher | Software Quality Institutions Series |
| Year of publication | 2001 |
| 300 ## - PHYSICAL DESCRIPTION | |
| Number of Pages | xviii,394 p. |
| Other physical details | ill |
| Dimensions | 24 cm. |
| 504 ## - BIBLIOGRAPHY, ETC. NOTE | |
| Bibliography, etc | Includes index |
| 520 ## - SUMMARY, ETC. | |
| Summary, etc | Faster testing for faster time-to-market.<br/><br/>Accelerated testing strategies to beat the competition<br/>Tips for successfully integrating testing into a fast-track development strategy<br/>Templates for creating your own testing documentation instantly<br/>The breakneck pace and fierce competition in today's software market demand that products get to market as quickly as possible. The challenge of maintaining quality while meeting deadlines leads to new strategies for testing through the development process. While no software is flawless, the goal of rapid testing is to identify major bugs early in the development process, requiring integration of test planning, execution, and reporting throughout the life cycle |
| 650 ## - SUBJECT ADDED ENTRY--TOPICAL TERM | |
| Topical Term | Software Quality Institute Series |
| 700 ## - ADDED ENTRY--PERSONAL NAME | |
| Personal name | Brown, Chris |
| Personal name | Cobb,Garry |
| 942 ## - ADDED ENTRY ELEMENTS (KOHA) | |
| Koha item type | English Books |
| Withdrawn status | Lost status | Damaged status | Not for loan | Home library | Current library | Date acquired | Full call number | Price effective from | Koha item type | Shelving location | Cost, normal purchase price | Accession Number |
|---|---|---|---|---|---|---|---|---|---|---|---|---|
| Anna Centenary Library | Anna Centenary Library | 16.07.2025 | 005.14 CUL | 16.07.2025 | English Books | |||||||
| Anna Centenary Library | Anna Centenary Library | 01.09.2010 | 005.14 CUL | 01.09.2010 | English Books | 3RD FLOOR, A WING | 8100.00 | 213284 |